000 00914nas a2200313 4500
001 BR2017000137
003 BR-BrBNA
005 20231205130819.0
007 ta
008 230509b bl.|||p| |||| 00| 00por d
040 _aBR-BrBNA
_bpor
_cBiblioteca Nacional de Agricultura
041 _a(En)
072 _aF30; H60
100 1 _aSimões, P.S.
100 1 _aCarbonari, C.A.
100 1 _aNascentes, R.F.
100 1 _aStasievski, A.
100 1 _aVelini, E.D.
245 1 _aSelectivity of herbicides inhibitors of photosystem II for sugarcane cultivars
650 _aCANA DE AÇÚCAR
650 _aVARIEDADE
650 _aERVA DANINHA
650 _aHERBICIDA
650 _aCONTROLE QUÍMICO
650 _aANÁLISE DO SOLO
773 0 _tPlanta Daninha (Brazil)
_xISSN 0100-8358
_g(2016), v. 34(4) p. 803-814
_wBR2017000137
909 _a202311
_bLúcia
_c55
_dLúcia Elande
942 _2AGRIS
_n0
_cANA
999 _c251406
_d251406